| 000 | 00945nas a2200277 4500 | ||
|---|---|---|---|
| 001 | BR9205815 | ||
| 003 | BR-BrBNA | ||
| 005 | 20231205094625.0 | ||
| 007 | ta | ||
| 008 | 230509b bl.|||p| |||| 00| 00por d | ||
| 040 |
_aBR-BrBNA _bpor _cBiblioteca Nacional de Agricultura |
||
| 041 | _a(Pt) | ||
| 072 | _aM12 | ||
| 100 | 1 | _aRodrigues, A.M. | |
| 100 | 1 | _aRodrigues, J.D. | |
| 100 | 1 | _aMoraes, M.N. de | |
| 100 | 1 | _aFerreira, A.E. | |
| 245 | 1 | _aAspectos da estrutura populacional da pescada-do-piaui Plagioscion squamosissimus (Heckel, 1840)(Osteichthyes, Sciaenidae), na represa de Bariri, Rio Tiete, estado de Sao Paulo, Brasil | |
| 650 | _aPescada do Piaui | ||
| 650 | _aCrescimento | ||
| 650 | _aMaturidade Sexual | ||
| 650 | _aSao Paulo | ||
| 773 | 0 |
_tBoletim do Instituto de Pesca (Brazil) _xISSN 0046-9939 _g(Jul-Dec 1988), v. 15(2) p. 155-167 _wBR9205815 |
|
| 909 |
_a202311 _bLúcia _c55 _dLúcia Elande |
||
| 942 |
_2AGRIS _n0 _cANA |
||
| 999 |
_c145732 _d145732 |
||